<?xml version="1.0" encoding="UTF-8"?><?xml-stylesheet type="text/xsl" href="static/style.xsl"?><OAI-PMH xmlns="http://www.openarchives.org/OAI/2.0/" xmlns:xsi="http://www.w3.org/2001/XMLSchema-instance" xsi:schemaLocation="http://www.openarchives.org/OAI/2.0/ http://www.openarchives.org/OAI/2.0/OAI-PMH.xsd"><responseDate>2026-04-13T02:25:03Z</responseDate><request verb="GetRecord" identifier="oai:www.recercat.cat:2445/172772" metadataPrefix="marc">https://recercat.cat/oai/request</request><GetRecord><record><header><identifier>oai:recercat.cat:2445/172772</identifier><datestamp>2025-12-05T09:42:47Z</datestamp><setSpec>com_2072_1057</setSpec><setSpec>col_2072_478778</setSpec><setSpec>col_2072_478917</setSpec></header><metadata><record xmlns="http://www.loc.gov/MARC21/slim" xmlns:dcterms="http://purl.org/dc/terms/" xmlns:xsi="http://www.w3.org/2001/XMLSchema-instance" xmlns:doc="http://www.lyncode.com/xoai" xsi:schemaLocation="http://www.loc.gov/MARC21/slim http://www.loc.gov/standards/marcxml/schema/MARC21slim.xsd">
   <leader>00925njm 22002777a 4500</leader>
   <datafield ind2=" " ind1=" " tag="042">
      <subfield code="a">dc</subfield>
   </datafield>
   <datafield ind2=" " ind1=" " tag="720">
      <subfield code="a">Lauriano, Giancarlo</subfield>
      <subfield code="e">author</subfield>
   </datafield>
   <datafield ind2=" " ind1=" " tag="720">
      <subfield code="a">Pirotta, Enrico</subfield>
      <subfield code="e">author</subfield>
   </datafield>
   <datafield ind2=" " ind1=" " tag="720">
      <subfield code="a">Joyce, Trevor</subfield>
      <subfield code="e">author</subfield>
   </datafield>
   <datafield ind2=" " ind1=" " tag="720">
      <subfield code="a">Pitman, Robert L.</subfield>
      <subfield code="e">author</subfield>
   </datafield>
   <datafield ind2=" " ind1=" " tag="720">
      <subfield code="a">Borrell Thió, Assumpció</subfield>
      <subfield code="e">author</subfield>
   </datafield>
   <datafield ind2=" " ind1=" " tag="720">
      <subfield code="a">Panigada, Simone</subfield>
      <subfield code="e">author</subfield>
   </datafield>
   <datafield ind2=" " ind1=" " tag="260">
      <subfield code="c">2020-12-15T17:40:26Z</subfield>
   </datafield>
   <datafield ind2=" " ind1=" " tag="260">
      <subfield code="c">2021-08-12T05:10:19Z</subfield>
   </datafield>
   <datafield ind2=" " ind1=" " tag="260">
      <subfield code="c">2020-08-12</subfield>
   </datafield>
   <datafield ind2=" " ind1=" " tag="260">
      <subfield code="c">2020-12-15T17:40:27Z</subfield>
   </datafield>
   <datafield ind2=" " ind1=" " tag="520">
      <subfield code="a">The fish‐eating, type‐C ecotype, killer whale is a top predator in the Ross Sea, Antarctica. Increasing knowledge of this animal's foraging habitats, diet and movement patterns is listed amongst the research priorities adopted under the framework of the Commission for the Conservation of Antarctic Marine Living Resources (CCAMLR). To contribute to this goal, satellite transmitters were deployed on 10 type‐C killer whales and skin biopsies were obtained from seven individuals in Terra Nova Bay (Ross Sea) during austral summer (January-February) 2015. Hierarchical switching state-space models (hSSSM) were applied to Argos satellite tracking data to describe the movements of tagged whales, which were then paired with available diving data. Stable isotopes analyses were performed on the biopsy samples to describe the diet. A total of 8,803 Argos locations were available to fit the hSSSM. All whales engaged in potential foraging activity in localized areas along the Ross Sea coastline, followed by uninterrupted travel (i.e. migration) outside Antarctic waters, with no evidence of foraging activity. The pattern of deeper dives matched the occurrence of encamped behaviour indicated by the hSSSM results. The stable isotopes analysis indicated that Antarctic toothfish comprised the largest component (35%) of the prey biomass, raising concerns since this species is targeted by commercial fishery in the Ross Sea Region. These results provide new insights into the ecology of type‐C killer whales in the Ross Sea Region, underlining a potential threat from commercial fishing in the area. Considering the recent establishment of the Ross Sea Region Marine Protected Area, these findings will contribute to the required Research and Monitoring Programme of the Marine Protected Area and provide new empirical evidence to inform conservation measures in the existing Terra Nova Bay Antarctic Special Protected Area</subfield>
   </datafield>
   <datafield tag="653" ind2=" " ind1=" ">
      <subfield code="a">Balenes</subfield>
   </datafield>
   <datafield tag="653" ind2=" " ind1=" ">
      <subfield code="a">Antàrtic, Oceà</subfield>
   </datafield>
   <datafield tag="653" ind2=" " ind1=" ">
      <subfield code="a">Hàbits alimentaris</subfield>
   </datafield>
   <datafield tag="653" ind2=" " ind1=" ">
      <subfield code="a">Whales</subfield>
   </datafield>
   <datafield tag="653" ind2=" " ind1=" ">
      <subfield code="a">Antarctic Ocean</subfield>
   </datafield>
   <datafield tag="653" ind2=" " ind1=" ">
      <subfield code="a">Food habits</subfield>
   </datafield>
   <datafield ind2="0" ind1="0" tag="245">
      <subfield code="a">Movements, diving behaviour and diet of C-type killer whales (Orcinus orca) in the Ross Sea, Antarctica</subfield>
   </datafield>
</record></metadata></record></GetRecord></OAI-PMH>